LE SSERAFIM - Paroles Perfect Night - Statistiques

Statistiques générales
  • Ce quiz a été pris 14 fois
  • Le résultat moyen est 219 sur 293
Statistiques - réponses
Hint Réponse % Correct
a
91%
and
91%
Pré-refrain Ooh,
91%
Pré-refrain Ooh,
91%
Post-refrain Tonight
91%
energy,
91%
feel
91%
Got
91%
got
91%
(Ha
91%
ha
91%
ha)
91%
huh)
91%
Refrain I
91%
Couplet 1 Me
91%
me
91%
my
91%
Interlude Oh
91%
Oh,
91%
oh
91%
ooh
91%
party
91%
Perfect
91%
the
91%
The
91%
to
91%
tonight
91%
all
82%
come
82%
company
82%
Couplet 2 Come
82%
feelin'
82%
free
82%
girlies,
82%
girls
82%
good
82%
in
82%
magic
82%
mornin',
82%
need,
82%
right
82%
we
82%
with
82%
you
82%
you,
82%
at
73%
beat
73%
By
73%
card
73%
care
73%
don't
73%
Don't
73%
gon'
73%
goodbye
73%
is
73%
it
73%
it's
73%
know
73%
like
73%
Night
73%
no
73%
nothin'
73%
nothing
73%
or
73%
ride
73%
some
73%
Some
73%
that
73%
'til
73%
what's
73%
world
73%
wrong
73%
yeah,
73%
(Yeah)
73%
11:59
64%
after
64%
but
64%
But
64%
can
64%
dancin'
64%
early
64%
else
64%
flawless,
64%
I'd
64%
I'm
64%
light
64%
line
64%
midnight
64%
radio
64%
sing
64%
take
64%
through,
64%
traffic
64%
(Uh
64%
way
64%
when
64%
whole
64%
wide
64%
better
55%
blastin'
55%
blowin'
55%
Caught
55%
counts
55%
Drop
55%
motion
55%
on
55%
otherworldly
55%
red
55%
slow
55%
start
55%
There's
55%
up
55%
we'll
55%
Why
55%
babe
45%
fit
45%
live
45%
loading?
45%
real
45%
still
45%
stuck
45%
Waitin'
45%
crеdit
0%
makе
0%
Aucun quiz correspondant
Distribution des résultats
% des personnes avec chaque résultat
Percentile par nombre de réponses
Votre historique - résultats
Vous n’avez pas pris ce quiz